BIBLIOTECA PODER JUDICIAL
Portal Judicial TDF

Los decretos 830 y 833. La nueva regulación de los servicios de transporte automotor / (Registro nro. 5459)

000 -LEADER
fixed length control field 01246nab a22002297a 4500
003 - CONTROL NUMBER IDENTIFIER
control field OSt
005 - DATE AND TIME OF LATEST TRANSACTION
control field 20251112131220.0
008 - FIXED-LENGTH DATA ELEMENTS--GENERAL INFORMATION
fixed length control field 190604e xxu||||| |||| 00| 0 spa d
040 ## - CATALOGING SOURCE
Transcribing agency PJ
100 ## - MAIN ENTRY--PERSONAL NAME
9 (RLIN) 6461
Personal name Losada, Francisco
245 10 - TITLE STATEMENT
Title Los decretos 830 y 833. La nueva regulación de los servicios de transporte automotor /
Statement of responsibility, etc Francisco Losada.
260 ## - PUBLICATION, DISTRIBUTION, ETC. (IMPRINT)
Place of publication, distribution, etc Ciudad Autónoma de Buenos Aires :
Name of publisher, distributor, etc Thomson Reuters La Ley,
Date of publication, distribution, etc 2025.
300 ## - PHYSICAL DESCRIPTION
Extent p. 5-21
500 ## - GENERAL NOTE
General note Cita Online: TR LALEY AR/DOC/1121/2025.<br/>
505 ## - FORMATTED CONTENTS NOTE
Title Sumario: I. Introducción.— II. Qué son los servicios públicos.— III. De sus formas de prestación.— IV. Las nuevas modalidades introducidas por los decs. 830/2024 y 883/2024 en los servicios de transporte automotor de pasajeros.— V. El Registro Nacional de Transporte Automotor de Pasajeros.<br/><br/>
505 ## - FORMATTED CONTENTS NOTE
Title ¿Te interesa el texto completo? Solicitalo al correo: koha@justierradelfuego.gov.ar
650 #0 - SUBJECT ADDED ENTRY--TOPICAL TERM
9 (RLIN) 1432
Topical term or geographic name as entry element SERVICIO PÚBLICO
650 #0 - SUBJECT ADDED ENTRY--TOPICAL TERM
9 (RLIN) 2981
Topical term or geographic name as entry element CONCESIÓN DE SERVICIO PÚBLICO
650 #0 - SUBJECT ADDED ENTRY--TOPICAL TERM
9 (RLIN) 4216
Topical term or geographic name as entry element TRANSPORTE DE PASAJEROS
773 0# - HOST ITEM ENTRY
Host Biblionumber 2714
Host Itemnumber 3171
Place, publisher, and date of publication Ciudad Autónoma de Buenos Aires : Thomson Reuters La Ley, 2014-
Title Revista anales de legislación argentina. Nº 6 - Junio 2025.
942 ## - ADDED ENTRY ELEMENTS (KOHA)
Source of classification or shelving scheme
Koha item type Analítica Artículo de Revista

No hay ítems disponibles.

12 de Octubre 789 Ushuaia - Tel:  54(02901)441571
Horario de Atención: 8.00 a 17.00 hs. 
bibliotecaush@justierradelfuego.gov.ar
koha@justierradelfuego.gov.ar
Seguinos en nuestras redes @bibliojustdf 

Con tecnología Koha